00375pab a2200121 454500008004000000100002500040245012100065260000900186300001100195362000900206650001400215773002400229180718b1990 xxu||||| |||| 00| 0 eng d aBrown, D. and others aComputers and QDA (Qualitative data Analysis) - can they help it ? a report on a qualitative data analysis programme c1990 a134-50 aFeb. aComputers aSociological Review